000 00761nam a2200265Ia 4500
003 OSt
005 20220912151544.0
006 a|||||r|||| 00| 0
007 ta
008 220909b |||||||| |||| 00| 0 eng d
024 _a30575
037 _cTextual
040 _aCSL
_beng
_cCSL
041 _aeng
082 _aB311:(D65,8(B)), M6
100 _aPhillips Chris
245 0 _aComputational numerical methods
260 _aChichester
_bEills Horwood
_c1986
300 _a375p.
_ccm.
490 _aEllis horwood series in computers and their application
650 _aNumerical analysis
700 _a Cornelius Barry
942 _hB311:(D65,8(B)), M6
_cTEXL
_2CC
999 _c71218
_d71218